000 00867cam a2200253 a 4500
003 MX-MxUPN
005 20250115084038.0
008 991125s1922 mx a br 000 0 spa d
035 _aUPN01000001835
040 _aMX-MxUPN
_bspa
_cMX-MxUPN
041 _aspa
050 1 4 _aLB1573 M6.4
_bC62 1922
100 1 _aContreras de Carballo, Manuela
_951872
245 2 3 _aEl alma de la patria :
_blibro tercero de lectura para uso de las alumnas del cuarto año elemental
246 1 4 _aEl alma patria :
_blibro-tercero
250 _aCuarta edición
_b(corregida y con nuevas ilustraciones)
260 _aMéxico :
_bHerrero Hermanos Sucesores,
_c1922.
300 _a302 páginas :
_bilustraciones
504 _aIncluye índice.
650 4 _92805
_aLectura
_xEstudio y enseñanza (Elemental)
902 _bMaríaRobles/080524
905 _aLibro
942 _2lcc
_cLIBRO
_n0
999 _c1835
_d1835